Διεθνής οικονομική : μια εισαγωγική προσέγγιση
Αποθηκεύτηκε σε:
| Κύριος συγγραφέας: | |
|---|---|
| Μορφή: | Βιβλίο |
| Γλώσσα: | Greek |
| Δημοσίευση: |
Αθήνα :
[χ.ό.],
2010.
|
| Έκδοση: | 4η έκδ. |
| Θέματα: | |
| Ετικέτες: |
Προσθήκη ετικέτας
Δεν υπάρχουν, Καταχωρήστε ετικέτα πρώτοι!
|
MARC
| LEADER | 00000nam a2200000 i 4500 | ||
|---|---|---|---|
| 001 | 1/30855 | ||
| 008 | 130603s2010 gr | ||| |||| ||gre|| | ||
| 020 | |a 9606302776 |q (χαρτόδετο) | ||
| 035 | |l 10114633 | ||
| 040 | |a GR-MY-UA |b gre |e aacr | ||
| 041 | 0 | |a gre | |
| 082 | 0 | |a 337 |2 (22) | |
| 100 | 1 | |a Πουρναράκης, Ευθύμιος Δ. | |
| 245 | 1 | 0 | |a Διεθνής οικονομική : |b μια εισαγωγική προσέγγιση / |c Ε. Πουρναράκης. |
| 250 | |a 4η έκδ. | ||
| 260 | |a Αθήνα : |b [χ.ό.], |c 2010. | ||
| 300 | |a 662 σ. : |b πίν., σχέδια ; |c 24 εκ. | ||
| 504 | |a Περιλαμβάνει βιβλιογραφικές παραπομπές και ευρετήριο. | ||
| 650 | 0 | 0 | |a International economic relations. |
| 650 | 0 | 0 | |a International trade. |
| 650 | 0 | 0 | |a Commercial policy. |
| 852 | |a INST |b CHIOS |c EUDOXUS |e 20150324 |h 337 ΠΟΥ |p 005200034364 |q 005200034364 |t EDX |y 0 | ||
| 852 | |a INST |b CHIOS |c EUDOXUS |e 20150324 |h 337 ΠΟΥ |p 005200034365 |q 005200034365 |t EDX |y 0 | ||
| 852 | |a INST |b CHIOS |c EUDOXUS |e 20130603 |h 337 ΠΟΥ |p 005200035283 |q 005200035283 |t EDX |y 0 | ||
| 852 | |a INST |b CHIOS |c EUDOXUS |e 20160419 |h 337 ΠΟΥ |p 005200037237 |q 005200037237 |t EDX |y 0 | ||
| 852 | |a INST |b CHIOS |c EUDOXUS |e 20150818 |h 337 ΠΟΥ |p 005200037621 |q 005200037621 |t EDX |y 0 | ||
| 852 | |a INST |b RHODES |c EUDOXUS |e 20180124 |h 337 ΠΟΥ |p 005400039811 |q 005400039811 |t EDX |y 0 | ||
| 920 | |a Εύδοξος |b Παραγγελία |y Ρόδος-ΠΤΔΕ |z 2018-01 | ||
| 920 | |a Εύδοξος |b Επιστροφή |y Χίος |z 2016-04 | ||
| 920 | |a Εύδοξος |b Παραγγελία |y Χίος-ΤΝΕΥ |z 2013-05 | ||
| 920 | |a Εύδοξος |b Επιστροφή |y Χίος |z 2015-03 | ||
| 920 | |a Εύδοξος |b Επιστροφή |y Χίος |z 2015-04 | ||
| 970 | |a Σπέντζα |b Ελένη |z 06-03-2013 | ||